|
|
|
|
| LEADER |
00617nab a2200181 i 4500 |
| 001 |
acta14802 |
| 005 |
20210409112812.0 |
| 008 |
161015s1981 hu o 0|| ger d |
| 022 |
|
|
|a 0001-6969
|
| 040 |
|
|
|a SZTE Egyetemi Kiadványok Repozitórium
|b hun
|
| 041 |
|
|
|a ger
|
| 100 |
1 |
|
|a Tandori Károly
|
| 245 |
1 |
0 |
|a Beitrag zur Konvergenz der Orthogonalreihen
|h [elektronikus dokumentum] /
|c Tandori Károly
|
| 260 |
|
|
|c 1981
|
| 300 |
|
|
|a 127-130
|
| 490 |
0 |
|
|a Acta scientiarum mathematicarum
|v 43 No. 1-2
|
| 695 |
|
|
|a Matematika
|
| 856 |
4 |
0 |
|u http://acta.bibl.u-szeged.hu/14802/1/math_043_fasc_001_002_127-130.pdf
|z Dokumentum-elérés
|